00499nam a2200169Ia 4500003000900000008004100009020002200050040001600072080001800088100002200106245009500128260002700223300001500250650001600265650002100281650002700302IN-BaIIA211028s9999 xx 000 0 eng d a978-1-4479-0867-4 cIIA Library a524.6-52bCOM aCombes, Francoise 0aMysteries of galaxy formationcFrancoise Combes  aBerlinbSpringerc2010 axiv, 191p. aDark matter aGalaxy formation aOrigins of black holes